[Event "79th POL-ch 3rd place playoff"]
[Site "Kruszwica POL"]
[Date "2022.05.16"]
[Round "8"]
[White "Socko, Bartosz"]
[Black "Tomczak, Jacek"]
[Result "1-0"]
[WhiteElo "2636"]
[BlackElo "2584"]
[EventDate "2022.05.15"]
[PlyCount "205"]

1.d4 Nf6 2.c4 e6 3.g3 c5 4.dxc5 Qa5+ 5.Nc3 Ne4 6.Qa4 Qxa4 7.Nxa4 Nxc5 8.
Nxc5 Bxc5 9.Nf3 b6 10.Bg2 Bb7 11.a3 Nc6 12.O-O Be7 13.Bd2 Bf6 14.Rab1 Rc8 
15.Rfc1 Ke7 16.b4 h6 17.h4 Nb8 18.Bc3 Rc7 19.Bxf6+ Kxf6 20.Nd2 Bxg2 21.
Kxg2 Rhc8 22.Rc3 Ke7 23.Rd3 Nc6 24.f4 Nd8 25.Rd1 Nb7 26.Ne4 f5 27.Nc3 d5 
28.Nb5 Rxc4 29.Nxa7 Ra8 30.Nb5 Nd6 31.Nxd6 Kxd6 32.h5 Rc2 33.Re3 Ra2 34.
Rdd3 Rc8 35.Re5 Rc4 36.Ree3 Rac2 37.Kf3 b5 38.g4 fxg4+ 39.Kxg4 Rc1 40.Rg3 
e5 41.Rdf3 e4 42.Rf2 Ke6 43.Kh3 Kf7 44.Rg6 Rh1+ 45.Kg4 Rcc1 46.f5 d4 47.
Kf4 Rxh5 48.Kxe4 Rh4+ 49.Ke5 Rc7 50.Rfg2 Re7+ 51.Re6 Rd7 52.Reg6 Kf8 53.
Rb6 Re7+ 54.Kd6 Rhe4 55.Rxb5 Rxe2 56.Rxe2 Rxe2 57.a4 h5 58.Rd5 Rd2 59.a5 
d3 60.a6 Ra2 61.b5 d2 62.Ke6 Kg8 63.Rxd2 Rxd2 64.a7 Ra2 65.b6 Ra6 66.Ke5 
Rxb6 67.a8=Q+ Kh7 68.Qa4 Rh6 69.Qh4 Kg8 70.Kf4 Kh7 71.Kg5 Kg8 72.Qc4+ Kh8 
73.Kh4 Kh7 74.Qf7 Rf6 75.Qd5 Rh6 76.Qe5 Kh8 77.Qc5 Kg8 78.Qc4+ Kh8 79.Qf7 
Rf6 80.Qe8+ Kh7 81.Qd7 Rh6 82.Qc8 Rf6 83.Kxh5 Rh6+ 84.Kg5 Rf6 85.Qe8 Rh6 
86.Qd8 Ra6 87.Qd4 Rh6 88.Qe5 Ra6 89.Qh2+ Kg8 90.Kf4 Rh6 91.Qc2 Rf6 92.Ke5 
Kh7 93.Qc8 Rf7 94.Qe6 Rf8 95.Qg6+ Kg8 96.Ke6 Ra8 97.Ke5 Rf8 98.Kd6 Ra8 99.
Qe6+ Kh7 100.Qe4 Ra6+ 101.Ke7 Rf6 102.Qe6 Rh6 103.Kf7 1-0

[Event "79th POL-ch 3rd place playoff"]
[Site "Kruszwica POL"]
[Date "2022.05.16"]
[Round "8"]
[White "Licznerski, Lukasz"]
[Black "Gajewski, Grzegorz"]
[Result "1-0"]
[WhiteElo "2439"]
[BlackElo "2589"]
[EventDate "2022.05.15"]
[PlyCount "89"]

1.e4 c5 2.Nf3 d6 3.d4 cxd4 4.Nxd4 Nf6 5.Nc3 a6 6.Be2 e5 7.Nf3 Be7 8.Bg5 
Be6 9.Bxf6 Bxf6 10.O-O O-O 11.Qd2 Be7 12.Nd5 Nd7 13.Rfd1 Rc8 14.c3 Rc6 15.
Qe3 f5 16.exf5 Bxf5 17.Bd3 Bxd3 18.Rxd3 Qe8 19.b4 Bd8 20.Rad1 Qg6 21.Nd2 
Nb6 22.Ne4 Nxd5 23.Rxd5 Bb6 24.Qd3 Rf4 25.Re1 Qf7 26.Nxd6 Qf8 27.Ne4 Rxf2 
28.Kh1 Rf4 29.Rd7 Rg6 30.h3 h6 31.Rxb7 Qf5 32.Rxb6 Rxb6 33.Qd8+ Kh7 34.
Qxb6 Rxe4 35.Qg1 Rf4 36.Qe3 e4 37.c4 g5 38.c5 Qe6 39.Rc1 Qc6 40.Qd4 Rf7 
41.Qe5 Kg6 42.Re1 Rf4 43.Rd1 Kh5 44.Rd6 Qb5 45.Kh2 1-0

[Event "79th POL-ch 3rd place playoff"]
[Site "Kruszwica POL"]
[Date "2022.05.16"]
[Round "9"]
[White "Licznerski, Lukasz"]
[Black "Szpar, Milosz"]
[Result "0-1"]
[WhiteElo "2439"]
[BlackElo "2434"]
[EventDate "2022.05.15"]
[PlyCount "130"]

1.Nf3 d5 2.g3 Nd7 3.Bg2 e5 4.d3 Ngf6 5.O-O Bd6 6.Nbd2 O-O 7.c4 c6 8.cxd5 
cxd5 9.e4 dxe4 10.dxe4 Nb6 11.b3 Be6 12.Bb2 Nfd7 13.Qe2 Rc8 14.Rfc1 f6 15.
a4 Rxc1+ 16.Rxc1 Nc5 17.Qe3 Qe7 18.Bf1 Nbd7 19.Bc4 b6 20.Nh4 g6 21.Ng2 
Bxc4 22.Nxc4 Qe6 23.Rd1 Bb8 24.Ba3 Rc8 25.Rd5 Nxa4 26.bxa4 Rxc4 27.Qd3 Rd4
28.Rxd4 exd4 29.Qxd4 Be5 30.Qd3 Qc6 31.Qb3+ Kg7 32.Qb5 Nb8 33.Qb4 Qe8 34.
Ne3 Nc6 35.Qb5 Bd4 36.Qd3 Ne5 37.Qc2 Bxe3 38.fxe3 Qc6 39.Qxc6 Nxc6 40.Kf2 
Kf7 41.Ke2 Ne5 42.h4 Ke6 43.Bb4 h5 44.Kd2 Nc4+ 45.Ke2 Ke5 46.Kf3 a6 47.
Bc3+ Ke6 48.Ke2 f5 49.Kd3 b5 50.axb5 axb5 51.exf5+ Kxf5 52.e4+ Kg4 53.Kd4 
Kxg3 54.e5 Nxe5 55.Kxe5 Kxh4 56.Kf4 g5+ 57.Kf3 Kh3 58.Kf2 g4 59.Bb4 h4 60.
Bc5 g3+ 61.Kf3 g2 62.Bg1 b4 63.Ke3 Kg3 64.Ke2 h3 65.Bf2+ Kh2 0-1

[Event "79th POL-ch 3rd place playoff"]
[Site "Kruszwica POL"]
[Date "2022.05.16"]
[Round "9"]
[White "Gajewski, Grzegorz"]
[Black "Socko, Bartosz"]
[Result "1-0"]
[WhiteElo "2589"]
[BlackElo "2636"]
[EventDate "2022.05.15"]
[PlyCount "121"]

1.c4 e5 2.g3 d6 3.Bg2 f5 4.d4 Be7 5.Nc3 c6 6.d5 Nf6 7.Nf3 O-O 8.O-O Na6 9.
Be3 c5 10.a3 h6 11.Bd2 Bd7 12.Ne1 Qe8 13.b4 e4 14.Rb1 Ng4 15.Nb5 Qh5 16.h3
Ne5 17.Bf4 Nxc4 18.bxc5 Nxc5 19.Nc2 g5 20.Bc1 f4 21.g4 Qg6 22.Ncd4 f3 23.
Bh1 Ne5 24.Nc7 Rac8 25.Nce6 Nxe6 26.dxe6 Bxe6 27.Rxb7 Bd8 28.exf3 exf3 29.
Nxe6 Qxe6 30.Bb2 Bb6 31.Re1 Rc4 32.Qd3 Bxf2+ 33.Kf1 Rf7 34.Rb8+ Rc8 35.
Rxc8+ Qxc8 36.Bxe5 Bxe1 37.Qg6+ Kf8 38.Bxd6+ Ke8 39.Qg8+ Kd7 40.Qxf7+ Kxd6
41.Qf6+ Kd5 42.Bxf3+ Kc4 43.Kxe1 Qe8+ 44.Kf2 Qb8 45.Kg2 Kd3 46.Qg6+ Kd2 
47.Qxh6 Qb2 48.Qe6 Qxa3 49.Qd5+ Kc3 50.Qe5+ Kd3 51.Qe4+ Kd2 52.Qe2+ Kc1 
53.Qd1+ Kb2 54.Qd2+ Ka1 55.Qd4+ Kb1 56.Be4+ Kc1 57.Qg1+ Kb2 58.Qf2+ Ka1 
59.Qe1+ Kb2 60.Qb1+ Kc3 61.Qd3+ 1-0

[Event "79th POL-ch 3rd place playoff"]
[Site "Kruszwica POL"]
[Date "2022.05.16"]
[Round "9"]
[White "Tomczak, Jacek"]
[Black "Moranda, Wojciech"]
[Result "1-0"]
[WhiteElo "2584"]
[BlackElo "2630"]
[EventDate "2022.05.15"]
[PlyCount "63"]

1.e4 c6 2.d4 d5 3.f3 dxe4 4.fxe4 e5 5.Nf3 Bg4 6.c3 Nd7 7.Bd3 Bd6 8.O-O 
Ngf6 9.Nbd2 b5 10.Qe1 O-O 11.Nh4 Qc7 12.Ndf3 Rae8 13.h3 Bxf3 14.Rxf3 exd4 
15.cxd4 c5 16.Nf5 cxd4 17.Qh4 Be5 18.Bh6 g6 19.Rc1 Qb6 20.Bxf8 Nxf8 21.
Nh6+ Kg7 22.Qg5 N8d7 23.Rcf1 Re6 24.Kh1 Bb8 25.Ng4 h5 26.Nh6 Ne5 27.Rxf6 
Rxf6 28.Rxf6 Qc7 29.Bxb5 d3 30.Bxd3 Qd7 31.Nxf7 Qxd3 32.Nxe5 1-0

[Event "79th POL-ch 3rd place playoff"]
[Site "Kruszwica POL"]
[Date "2022.05.16"]
[Round "10"]
[White "Szpar, Milosz"]
[Black "Tomczak, Jacek"]
[Result "1-0"]
[WhiteElo "2434"]
[BlackElo "2584"]
[EventDate "2022.05.15"]
[PlyCount "103"]

1.e4 d5 2.exd5 Qxd5 3.Nc3 Qa5 4.d4 Nf6 5.Bd2 Bg4 6.Nf3 e6 7.h3 Bxf3 8.Qxf3
c6 9.Ne4 Qd8 10.Nxf6+ gxf6 11.O-O-O Nd7 12.Bd3 Qb6 13.Be3 Qa5 14.Kb1 h5 
15.Bd2 Qb6 16.Be3 Ba3 17.Bc1 O-O-O 18.Bc4 Bd6 19.g4 Qc7 20.Bb3 Rdg8 21.
Rdg1 Qa5 22.g5 f5 23.g6 Rxg6 24.Rxg6 fxg6 25.Bxe6 Kc7 26.Bxd7 Kxd7 27.Qb3 
Kc7 28.Qf7+ Kb8 29.Qxg6 Qd5 30.Re1 a5 31.Re8+ Rxe8 32.Qxe8+ Ka7 33.Qxh5 a4
34.a3 Qe4 35.Qd1 f4 36.f3 Qh7 37.Qf1 Qh8 38.Qc4 Qxh3 39.Qxa4+ Kb8 40.Qb3 
Qf1 41.Qc3 Qd1 42.a4 Qf1 43.b4 Qa6 44.Qb3 Qb6 45.c3 Qd8 46.b5 c5 47.Qd5 
Qf8 48.dxc5 Bxc5 49.a5 Be3 50.a6 Kc7 51.Qxb7+ Kd6 52.Ba3+ 1-0

[Event "79th POL-ch 3rd place playoff"]
[Site "Kruszwica POL"]
[Date "2022.05.16"]
[Round "10"]
[White "Moranda, Wojciech"]
[Black "Gajewski, Grzegorz"]
[Result "1-0"]
[WhiteElo "2630"]
[BlackElo "2589"]
[EventDate "2022.05.15"]
[PlyCount "85"]

1.e4 c5 2.Nf3 d6 3.d4 cxd4 4.Nxd4 Nf6 5.Nc3 a6 6.h4 e5 7.Nb3 Be7 8.Be2 
Nbd7 9.a4 b6 10.Bc4 Bb7 11.Qe2 O-O 12.Bg5 h6 13.Bxf6 Nxf6 14.Rd1 b5 15.
axb5 axb5 16.Bxb5 Qb6 17.Bc4 Rac8 18.O-O Qb4 19.Bd3 d5 20.Nxd5 Bxd5 21.
exd5 Qxh4 22.Bf5 Rcd8 23.c4 g6 24.g3 Qg5 25.Bh3 Rb8 26.Na5 Bc5 27.Kh2 Nh5 
28.Nc6 Rb3 29.Qxe5 f5 30.d6 f4 31.Qxg5 hxg5 32.d7 Bxf2 33.d8=Q Bxg3+ 34.
Kg1 Rxd8 35.Rxd8+ Kg7 36.Rfd1 Nf6 37.Nd4 Rxb2 38.Ne6+ Kh7 39.Nxg5+ Kh6 40.
Nf7+ Kg7 41.Ne5 Ne4 42.R1d7+ Kf6 43.Ng4+ 1-0

[Event "79th POL-ch 3rd place playoff"]
[Site "Kruszwica POL"]
[Date "2022.05.16"]
[Round "10"]
[White "Socko, Bartosz"]
[Black "Licznerski, Lukasz"]
[Result "1-0"]
[WhiteElo "2636"]
[BlackElo "2439"]
[EventDate "2022.05.15"]
[PlyCount "119"]

1.d4 Nf6 2.c4 g6 3.g3 Bg7 4.Bg2 d5 5.cxd5 Nxd5 6.e4 Nb6 7.Ne2 c5 8.d5 e6 
9.O-O O-O 10.Nec3 Na6 11.a4 exd5 12.exd5 Nc4 13.Na3 Nd6 14.Nab5 Nf5 15.Bf4
g5 16.Bd2 Bd7 17.Ne4 h6 18.Bc3 b6 19.Bxg7 Kxg7 20.Nbc3 Nb4 21.a5 Nd4 22.
Nd2 Bf5 23.axb6 axb6 24.Rxa8 Qxa8 25.h4 gxh4 26.Qh5 hxg3 27.fxg3 Bg6 28.
Qe5+ f6 29.Qc7+ Rf7 30.Qxb6 Nd3 31.Nde4 Qf8 32.d6 Qc8 33.Nxf6 Qe6 34.Nfe4 
Rxf1+ 35.Kxf1 Qf7+ 36.Kg1 Bxe4 37.Nxe4 Qh5 38.Qa7+ Kg6 39.Qa4 Nf3+ 40.Bxf3
Qxf3 41.Qe8+ Kg7 42.Qe7+ Kg6 43.Qe6+ Kg7 44.Qe7+ Kg6 45.Qe8+ Kg7 46.d7 
Qe3+ 47.Kg2 Qe2+ 48.Kh3 Qf1+ 49.Kh2 Qe2+ 50.Kh3 Qf1+ 51.Kh4 Qh1+ 52.Kg4 
Qd1+ 53.Kf5 Qf3+ 54.Ke6 Qxe4+ 55.Kd6 Qd4+ 56.Kc7 c4 57.Qe7+ Kg6 58.Qd6+ 
Qxd6+ 59.Kxd6 Ne5 60.Kxe5 1-0